000 00494nam a2200181Ia 4500
008 090124s9999 xx 000 0 und d
082 _b116326
100 _aआपटे हरि नारायण
245 _a कालकूट
250 _a1
260 _c1975
300 _a80
600 _aआपटे हरि नारायण
630 _a कालकूट
700 _aआपटे हरि नारायण
730 _a कालकूट
942 _cBOOK
999 _c162417
_d162417